| 000 | 01658cam a2200277 a 4500 | ||
|---|---|---|---|
| 001 | 2844 | ||
| 005 | 20250723154557.0 | ||
| 020 | _a9780764140112 | ||
| 040 |
_aDLC _cDLC _dDLC _beng |
||
| 050 | 0 | 0 |
_aPN6737.M34 _b 2009 |
| 082 | _a741.5 | ||
| 100 | 1 |
_aBronte, Charlotte _d1958- |
|
| 245 | 1 | 0 |
_aJane Eyre / _cBornete, Charlotte |
| 250 | _aPritned and bound in China | ||
| 260 |
_aNew York : _bBarrons Educational Series, _c2009 |
||
| 300 |
_a48 pages : _bcolor illustrations ; _c27 cm. |
||
| 490 | 0 | _a Barron's Graphic Classics | |
| 505 | _aW | ||
| 520 | _aWidely considered to be one of the greatest novels in the English language, Charlotte Bronte's semi-autobiographical epic masterpiece is brought to life in one concise volume. The classic story of a strong-willed woman growing up in 19th Century England is presented as an exciting and fast-paced graphic novel which remains faithful to Bronte's original text. Specially commissioned full-colour artwork brings excitement and atmosphere to this stirring tale. Speech bubbles work with the main text to emphasise and enhance the retelling. A running glossary at the foot of each page helps young readers with any challenging vocabulary without disrupting their reading experience. End matter provides information about the author, the historical background to the period in which the author lived and a timeline of world events that places the work in its historical context. | ||
| 521 |
_a870
_bLexile |
||
| 521 |
_aW
_bRaz-Plus |
||
| 655 | 0 | _aGraphic novels. | |
| 700 | 1 | 2 |
_aGelev ,Penko _tJane Eyre. |
| 906 |
_a7 _bcbc _corignew _d2 _eepcn _f20 _gy-gencatlg |
||
| 942 |
_2ddc _cBK _n0 |
||
| 999 |
_c2844 _d2844 |
||